00492nam a2200205Ia 4500008004100000020001800041050001400059100002100073245003500094245002400129260002500153260001600178260000900194300001500203300002800218300001000246500000900256650001000265700001100275190123s9999 xx 000 0 und d a9780439657198 bM626 2003 aMicucci, Charles 4aThe life and time of the ant / 0cby Charles Micucci. aNew York, New York : bScholastic, c2003 a32 pages : bcolored illustrations ; c23cm. a960L aAnts. aTitle.